000 00505nam a2200193Ia 4500
005 20250326124921.0
008 250326s9999 xx 000 0 und d
037 _aTextbook
040 _aFMSL
_beng
_cFMSL
041 _aeng
_2eng
084 _aX:8F K7;L6
_qFMSL
100 _aMoore C L
245 0 _aManagerial accounting
_cMoore C L; Jaedicke R K
250 _a3
260 _aNY
_bNY, South-Western
_c1967
300 _a707p
942 _cTB
_hX:8F K7;L6
999 _c1275764
_d1275764